000 nam a22 a 4500
999 _c310
_d310
003 AKMAL
005 20170503105325.0
008 170503s2003 my a e|| f000 0 eng d
020 _a967993392X (pbk.) :
_cRM26.00
082 0 4 _a004.6 RAJ
_222
090 0 0 _a004.6
_bRAJ
100 0 _aRaja Malik Mohamed
_9702
245 1 0 _aPractical approach to ICT strategic planning /
_cRaja Malik Mohamed
260 _aKuala Lumpur :
_bInstitut Tadbiran Awam Negara ,
_c2003
300 _axvii, 158p. :
_bill. ;
_c21cm.
504 _aBibliography : p. 157-158
650 1 0 _aInformation technology
_xplanning
_9703
650 2 0 _aInformation networks
_xplanning
_9704
942 _2ddc
_cBOOK